Prime Minister Atal Bihari Vajpayee (Record no. 987451)

MARC details
000 -LEADER
fixed length control field 00848nam a2200265Ia 4500
003 - CONTROL NUMBER IDENTIFIER
control field OSt
005 - DATE AND TIME OF LATEST TRANSACTION
control field 20221005081250.0
008 - FIXED-LENGTH DATA ELEMENTS--GENERAL INFORMATION
fixed length control field 221004b |||||||| |||| 00| 0 eng d
020 ## - INTERNATIONAL STANDARD BOOK NUMBER
International Standard Book Number 8123009917
037 ## - SOURCE OF ACQUISITION
Terms of availability Textual
040 ## - CATALOGING SOURCE
Original cataloging agency CRL
Transcribing agency CRL
Language of cataloging eng
041 ## - LANGUAGE CODE
Source of code eng
Language code of text/sound track or separate title eng
110 ## - MAIN ENTRY--CORPORATE NAME
Corporate name or jurisdiction name as entry element India, Government of. Ministry of Information and Broadcasting
9 (RLIN) 147138
245 #0 - TITLE STATEMENT
Title Prime Minister Atal Bihari Vajpayee
Remainder of title Selected speeches.V3.
260 ## - PUBLICATION, DISTRIBUTION, ETC.
Place of publication, distribution, etc. New Delhi
Name of publisher, distributor, etc. Publication Division Ministry of Information and Broadcasting
Date of publication, distribution, etc. 2002
300 ## - PHYSICAL DESCRIPTION
Extent 406p.
Dimensions cm.
650 ## - SUBJECT ADDED ENTRY--TOPICAL TERM
Topical term or geographic name entry element HISTORY
700 ## - ADDED ENTRY--PERSONAL NAME
Personal name India, Government of. Ministry of Information and Broadcasting
9 (RLIN) 147139
942 ## - ADDED ENTRY ELEMENTS (KOHA)
Classification part V2,2y7N25, P02
Koha item type Textual
Source of classification or shelving scheme
Holdings
Withdrawn status Lost status Damaged status Not for loan Home library Current library Date acquired Total Checkouts Full call number Barcode Date last seen Price effective from Koha item type
        Central Library Central Library 2022-10-05   V2,2y7N25 P02 CL1210285 2022-10-05 2022-10-05 Textual
Copyright @ Delhi University Library System